All-Time UEFA Europa League Teams - Statistics

General Stats
  • This quiz has been taken 82 times
    38 since last reset
  • The average score is 301 of 1046
Answer Stats
Country Team % Correct
Austria Austria Wien
75%
France Lille
75%
France Paris Saint-Germain
75%
Austria Rapid Wien
75%
England Arsenal
71%
England Aston Villa
71%
Italy Inter
71%
France Marseille
71%
Austria Red Bull Salzburg
71%
England Chelsea
68%
Belgium Club Brugge
68%
Albania KF Tirana
68%
England Leicester City
68%
England Liverpool
68%
England Manchester City
68%
England Manchester United
68%
England Tottenham Hotspur
68%
Belgium Anderlecht
64%
France Bordeaux
64%
Croatia | Yugoslavia Dinamo Zagreb
64%
England Everton
64%
Denmark FC København
64%
England Fulham
64%
Belgium Gent
64%
England Leeds United
64%
England Newcastle United
64%
France Nice
64%
Serbia/Serbia and Montenegro | Yugoslavia Partizan Beograd
64%
Spain Real Madrid
64%
France Reims
64%
Austria Sturm Graz
64%
Greece AEK Athens
61%
Cyprus APOEL Nicosia
61%
Spain Atlético Madrid
61%
Spain Barcelona
61%
Belarus BATE Borisov
61%
Germany/West Germany Bayer Leverkusen
61%
Germany/West Germany Bayern München
61%
Portugal Benfica
61%
England Blackburn Rovers
61%
Germany/West Germany Borussia Dortmund
61%
England Brighton & Hove Albion
61%
Serbia/Serbia and Montenegro | Yugoslavia Crvena zvezda
61%
Italy Fiorentina
61%
Belgium Genk
61%
Faroe Islands GÍ Gøta
61%
Finland HJK
61%
England Ipswich Town
61%
Italy Juventus
61%
Austria LASK Linz
61%
Italy Lazio
61%
France Lyon
61%
Italy Milan
61%
France Monaco
61%
France Nantes
61%
Italy Napoli
61%
Greece Olympiacos
61%
Greece Panathinaikos
61%
Italy Parma
61%
Portugal Porto
61%
Azerbaijan Qarabag
61%
Andorra Ranger's
61%
Scotland Rangers
61%
Spain Real Betis
61%
Croatia | Yugoslavia Rijeka
61%
Italy Roma
61%
France Saint-Étienne
61%
Czechia | Czechoslovakia Sparta Praha
61%
Portugal Sporting Braga
61%
Portugal Sporting CP
61%
Italy Udinese
61%
Germany/West Germany Union Berlin
61%
Liechtenstein Vaduz
61%
Spain Valencia
61%
England West Ham United
61%
Soviet Union Zenit Leningrad
61%
Russia Zenit St. Petersburg
61%
Netherlands Ajax
57%
Kazakhstan Astana
57%
Italy Atalanta
57%
Spain Athletic Bilbao
57%
France Auxerre
57%
Netherlands AZ Alkmaar
57%
Switzerland Basel
57%
Türkiye Besiktas
57%
England Birmingham City
57%
Spain Celta de Vigo
57%
Scotland Celtic
57%
Russia | Soviet Union CSKA Moskva
57%
Bulgaria CSKA Sofia
57%
England Derby County
57%
Soviet Union | Ukraine Dynamo Kyiv
57%
Netherlands Feyenoord
57%
Yugoslavia FK Sarajevo
57%
Italy Genoa
57%
Switzerland Grasshopper
57%
Germany/West Germany Hamburg
57%
Germany/West Germany Hertha Berlin
57%
France Lens
57%
Israel Maccabi Haifa
57%
France Montpellier
57%
England Nottingham Forest
57%
Netherlands PSV Eindhoven
57%
Malta Rabat Ajax
57%
Spain Racing de Santander
57%
France Rennes
57%
Belgium Royal Antwerp
57%
Italy Sampdoria
57%
Spain Sevilla
57%
Russia | Soviet Union Spartak Moskva
57%
England Swansea City
57%
Italy Torino
57%
Belgium Union Saint-Gilloise
57%
Germany/West Germany Werder Bremen
57%
Germany/West Germany Wolfsburg
57%
England Wolverhampton Wanderers
57%
Switzerland Zürich
57%
Denmark Aalborg
54%
Denmark AB
54%
Scotland Aberdeen
54%
Portugal Boavista
54%
Italy Bologna
54%
England Bolton Wanderers
54%
Denmark Brøndby
54%
Belgium Cercle Brugge
54%
Spain Deportivo La Coruña
54%
Belarus | Soviet Union Dinamo Minsk
54%
Georgia | Soviet Union Dinamo Tbilisi
54%
Scotland Dundee FC
54%
Russia | Soviet Union Dynamo Moskva
54%
Spain Espanyol
54%
Luxembourg F91 Dudelange
54%
Türkiye Fenerbahçe
54%
Latvia FK Rīga
54%
Bosnia and Herzegovina FK Sarajevo
54%
Türkiye Galatasaray
54%
Spain Getafe
54%
Sweden Göteborg
54%
Spain Granada
54%
Israel Hapoel Tel Aviv
54%
Italy Hellas Verona
54%
Iceland KR Reykjavík
54%
Poland Lech Poznań
54%
Russia Lokomotiv Moskva
54%
Bulgaria Ludogorets
54%
Sweden Malmö FF
54%
England Middlesbrough
54%
Spain Osasuna
54%
Italy Palermo
54%
Greece PAOK
54%
Germany/West Germany RB Leipzig
54%
Spain Real Sociedad
54%
Spain Real Valladolid
54%
Spain Real Zaragoza
54%
Czechia | Czechoslovakia Slavia Praha
54%
Czechoslovakia | Slovakia Slovan Bratislava
54%
Belgium Standard Liège
54%
England Stoke City
54%
Denmark Aarhus
50%
Cyprus AEK Larnaca
50%
Sweden AIK
50%
Ireland Bohemian
50%
Germany/West Germany Borussia Mönchengladbach
50%
Italy Cagliari
50%
Romania CFR Cluj
50%
Soviet Union | Ukraine Dnipro
50%
Germany/West Germany Eintracht Frankfurt
50%
Latvia FC Riga
50%
Croatia | Yugoslavia Hajduk Split
50%
England Hull City
50%
Germany/West Germany Kaiserslautern
50%
Germany/West Germany Köln
50%
Bulgaria Levski Sofia
50%
Switzerland Lugano
50%
Israel Maccabi Tel Aviv
50%
Spain Mallorca
50%
France Metz
50%
Denmark Midtjylland
50%
Netherlands NAC Breda
50%
England Norwich City
50%
Cyprus Omonia Nicosia
50%
Kosovo Prishtina
50%
England Queens Park Rangers
50%
Russia Rostov
50%
Russia Rubin Kazan
50%
Switzerland Servette
50%
Soviet Union | Ukraine Shakhtar Donetsk
50%
England Southampton
50%
Romania Steaua București
50%
France Strasbourg
50%
France Toulouse
50%
Netherlands Utrecht
50%
Czechia Viktoria Plzeň
50%
England Watford
50%
England Wigan Athletic
50%
Switzerland Wil
50%
Austria Wolfsberger AC
50%
Switzerland Young Boys
50%
Cyprus AEL Limassol
46%
Greece Aris Thessaloniki
46%
Czechoslovakia Baník Ostrava
46%
France Bastia
46%
Portugal Belenenses
46%
Scotland Dundee United
46%
East Germany Dynamo Dresden
46%
Hungary Ferencváros
46%
Netherlands Groningen
46%
Scotland Heart of Midlothian
46%
Netherlands Heerenveen
46%
Scotland Hibernian
46%
Germany/West Germany Hoffenheim
46%
Faroe Islands KÍ Klaksvik
46%
Italy Livorno
46%
East Germany Magdeburg
46%
Spain Málaga
46%
Slovenia Maribor
46%
Azerbaijan Neftçi Baku
46%
Georgia Olimpi Rustavi
46%
England Portsmouth
46%
Romania Rapid București
46%
Norway Rosenborg
46%
Italy Sassuolo
46%
Germany/West Germany Schalke 04
46%
England Sheffield Wednesday
46%
Moldova Sheriff Tiraspol
46%
Spain Sporting Gijón
46%
Germany/West Germany Stuttgart
46%
Switzerland Thun
46%
Austria Tirol Innsbruck
46%
Türkiye Trabzonspor
46%
Netherlands Twente
46%
Spain Villarreal
46%
England West Bromwich Albion
46%
Switzerland Aarau
43%
Russia Anzhi Makhachkala
43%
Armenia | Soviet Union Ararat Yerevan
43%
Norway Brann
43%
Ireland Cork City
43%
Luxembourg Differdange 03
43%
East Germany Dynamo Berlin
43%
Netherlands Go Ahead Eagles
43%
Israel Hapoel Beer Sheva
43%
Sweden Helsingborgs
43%
Russia Krasnodar
43%
Switzerland Lausanne-Sport
43%
Poland Legia Warszawa
43%
Northern Ireland Linfield
43%
Switzerland Luzern
43%
Germany/West Germany Mainz
43%
Belgium Mechelen
43%
Norway Molde
43%
Scotland Motherwell
43%
Portugal Nacional
43%
Netherlands NEC Nijmegen
43%
Armenia Noah
43%
Denmark Nordsjælland
43%
Denmark Odense
43%
Greece OFI
43%
Slovenia Olimpija Ljubljana
43%
Cyprus Pafos
43%
Albania Partizani Tirana
43%
Italy Perugia
43%
Spain Rayo Vallecano
43%
Belgium RFC Liege
43%
Portugal Rio Ave
43%
Ireland Shamrock Rovers
43%
Albania Skënderbeu
43%
Netherlands Sparta Rotterdam
43%
Spain Tenerife
43%
Hungary Videoton
43%
Portugal Vitória de Guimarães
43%
Albania Vllaznia
43%
Serbia/Serbia and Montenegro | Yugoslavia Vojvodina
43%
Czechia | Czechoslovakia Zbrojovka Brno
43%
Germany/West Germany 1860 München
39%
Portugal Academica Coimbra
39%
Germany/West Germany Alemannia Aachen
39%
Cyprus Anorthosis
39%
Türkiye Antalyaspor
39%
Greece Atromitos
39%
Germany/West Germany Augsburg
39%
Belgium Beerschot
39%
Belgium Beveren
39%
Germany/West Germany Bochum
39%
Czechoslovakia Bohemians 1905
39%
Türkiye Bursaspor
39%
France Cannes
39%
Italy ChievoVerona
39%
Hungary Debreceni VSC
39%
Spain Deportivo Alavés
39%
Georgia Dinamo Batumi
39%
Romania Dinamo București
39%
Czechoslovakia Dukla Praha
39%
Ireland Dundalk
39%
Portugal Estoril Praia
39%
Hungary ETO Györ
39%
Lithuania FBK Kaunas
39%
Armenia FC Yerevan
39%
Albania Flamurtari
39%
Germany/West Germany Freiburg
39%
Sweden Hammarby
39%
Germany/West Germany Hannover
39%
East Germany Hansa Rostock
39%
Israel Hapoel Haifa
39%
Finland Inter Turku
39%
Scotland Kilmarnock
39%
Spain Las Palmas
39%
Belgium Lierse
39%
Portugal Maritimo
39%
Switzerland Neuchâtel Xamax
39%
Germany/West Germany Nürnberg
39%
Romania Oțelul Galați
39%
Portugal Paços de Ferreira
39%
Azerbaijan Qabala
39%
Latvia RFS
39%
Czechia Slovan Liberec
39%
Russia | Soviet Union Torpedo Moskva
39%
San Marino Tre Fiori
39%
San Marino Tre Penne
39%
Norway Tromsø
39%
Italy Vicenza
39%
Netherlands Vitesse
39%
Portugal Vitória de Setúbal
39%
Netherlands Willem II
39%
Poland Wisła Kraków
39%
Lithuania | Soviet Union Žalgiris Vilnius
39%
Armenia Ararat-Armenia
36%
Cyprus Aris Limassol
36%
Germany/West Germany Bayer Uerdingen
36%
Norway Bodø/Glimt
36%
East Germany Carl Zeiss Jena
36%
Belgium Charleroi
36%
Albania Dinamo Tirana
36%
Sweden Djurgårdens
36%
Germany/West Germany Eintracht Braunschweig
36%
Azerbaijan FC Baku
36%
Belarus FC Minsk
36%
Estonia Flora Tallinn
36%
Northern Ireland Glentoran
36%
Austria Grazer AK
36%
Faroe Islands HB Tórshavn
36%
Luxembourg Jeunesse Esch
36%
Kazakhstan Kairat
36%
East Germany Karl-Marx-Stadt
36%
Germany/West Germany Karlsruhe
36%
Slovenia Koper
36%
Finland KuPS
36%
Albania Laçi
36%
San Marino La Fiorita
36%
Spain Levante
36%
Bulgaria Lokomotiv Plovdiv
36%
Greece PAS Giannina
36%
Romania Politehnica Timișoara
36%
Serbia/Serbia and Montenegro | Yugoslavia Rad Beograd
36%
Serbia/Serbia and Montenegro | Yugoslavia Radnički Niš
36%
Denmark Randers
36%
Netherlands Roda JC
36%
France Sedan
36%
Switzerland Sion
36%
France Sochaux
36%
Switzerland St. Gallen
36%
Scotland St Johnstone
36%
Finland Tampere United
36%
Albania Teuta
36%
Malta Valletta
36%
North Macedonia Vardar
36%
Norway Viking
36%
Moldova Zimbru Chişinău
36%
Belgium Zulte Waregem
36%
Austria Admira Wacker
32%
Greece AEL Larissa
32%
Russia Alania Vladikavkaz
32%
Armenia Alashkert
32%
Portugal Arouca
32%
Greece Asteras Tripolis
32%
Romania Astra Giurgiu
32%
Israel Beitar Jerusalem
32%
Malta Birkirkara
32%
Bulgaria Botev Plovdiv
32%
Slovenia Celje
32%
Italy Cesena
32%
Soviet Union | Ukraine Chornomorets Odesa
32%
Ireland Derry City
32%
Slovenia Domžale
32%
Kosovo Drita
32%
Germany/West Germany Duisburg
32%
Albania Elbasani
32%
Sweden Elfsborg
32%
Italy Empoli
32%
Gibraltar Europa
32%
Germany/West Germany Fortuna Düsseldorf
32%
Belarus Gomel
32%
France Guingamp
32%
Sweden Häcken
32%
Finland Haka
32%
Sweden Halmstads
32%
Malta Ħamrun Spartans
32%
Malta Hibernians
32%
Hungary Honvéd Budapest
32%
Czechoslovakia | Slovakia Inter Bratislava
32%
Greece Ionikos
32%
Greece Iraklis
32%
Türkiye İstanbul Başakşehir
32%
Ukraine Karpaty Lviv
32%
Türkiye Kayserispor
32%
Estonia Levadia Tallinn
32%
Latvia Liepāja
32%
Gibraltar Lincoln Red Imps
32%
Belgium Lokeren
32%
Croatia Lokomotiva Zagreb
32%
Bulgaria Lokomotiv Sofia
32%
France Lorient
32%
Ukraine Metalist Kharkiv
32%
Slovakia MŠK Žilina
32%
Hungary MTK Budapest
32%
Slovenia Mura
32%
France Nîmes
32%
Greece Olympiacos Volos
32%
Cyprus Olympiakos Nicosia
32%
Croatia Osijek
32%
Sweden Östers
32%
Sweden Östersunds
32%
Netherlands PEC Zwolle
32%
Cyprus Pezoporikos Larnaca
32%
Poland Raków Częstochowa
32%
Spain Real Oviedo
32%
Poland Ruch Chorzów
32%
Belgium R.W.D. Molenbeek
32%
Kazakhstan Shakhter Karagandy
32%
Armenia Shirak
32%
Denmark Silkeborg
32%
Poland Śląsk Wrocław
32%
Malta Sliema Wanderers
32%
Scotland St Mirren
32%
Wales The New Saints
32%
Andorra UE Santa Coloma
32%
Hungary Újpest
32%
Romania Unirea Urziceni
32%
Romania Universitatea Craiova
32%
Norway Vålerenga
32%
Hungary Vasas Budapest
32%
Denmark Vejle
32%
Yugoslavia Velez Mostar
32%
Latvia Ventspils
32%
Czechoslovakia | Slovakia VSS Košice
32%
Austria Wacker Innsbruck
32%
Ukraine Zorya Luhansk
32%
Türkiye Altay
29%
Türkiye Ankaragücü
29%
Greece Apollon Smyrni
29%
Luxembourg Avenir Beggen
29%
Faroe Islands B36 Tórshavn
29%
Serbia/Serbia and Montenegro Bačka Topola
29%
Wales Barry Town
29%
Albania Besa Kavajë
29%
Bosnia and Herzegovina Borac Banja Luka
29%
Ireland Bray Wanderers
29%
Montenegro Budućnost Podgorica
29%
France Caen
29%
Wales Connah's Quay Nomads
29%
Poland Cracovia
29%
Northern Ireland Crusaders
29%
Ireland Drogheda United
29%
Belarus Dynamo Brest
29%
Faroe Islands EB/Streymur
29%
Greece Egaleo
29%
Lithuania Ekranas Panevėzys
29%
Andorra FC Santa Coloma
29%
Latvia FK Jelgava
29%
Malta Floriana
29%
Luxembourg Fola Esch
29%
San Marino Folgore Falciano
29%
Iceland Fram Reykjavík
29%
Ireland Galway United
29%
Iceland ÍA
29%
Iceland ÍBV
29%
Czechia Jablonec
29%
Poland Jagiellonia Białystok
29%
Sweden Kalmar
29%
Azerbaijan Kapaz
29%
Iceland Keflavík
29%
Türkiye Konyaspor
29%
Albania Kukësi
29%
Poland Lechia Gdańsk
29%
Norway Lillestrøm
29%
Ireland Limerick
29%
Bulgaria Litex Lovech
29%
Israel Maccabi Netanya
29%
Israel Maccabi Petah Tikva
29%
Czechia Mladá Boleslav
29%
San Marino Murata
29%
Belarus Neman Grodno
29%
Estonia Nõmme Kalju
29%
Sweden Norrköping
29%
Norway Odd
29%
Kazakhstan Ordabasy
29%
Greece Panachaiki
29%
Greece Panionios
29%
Moldova Petrocub Hîncesti
29%
Poland Polonia Warszawa
29%
North Macedonia Rabotnički
29%
Wales Rhyl
29%
Austria Ried
29%
Andorra Sant Julià
29%
North Macedonia Shkupi
29%
Türkiye Sivasspor
29%
Latvia Skonto Rīga
29%
Bulgaria Slavia Sofia
29%
Ireland Sligo Rovers
29%
Latvia Spartaks Jūrmala
29%
Slovakia Spartak Trnava
29%
Luxembourg Spora Luxembourg
29%
Poland Stal Mielec
29%
Ireland St Patrick's Athletic
29%
Lithuania Sūduva
29%
Austria Swarovski Tirol
29%
Georgia Torpedo Kutaisi
29%
Finland TPS
29%
Iceland Valur Reykjavík
29%
Croatia Varaždin
29%
Iceland Víkingur Reykjavík
29%
Poland Widzew Łódź
29%
Greece Xanthi
29%
Hungary Zalaegerszegi TE
29%
Bosnia and Herzegovina | Yugoslavia Zeljezničar
29%
Bosnia and Herzegovina Zrinjski Mostar
29%
Netherlands ADO Den Haag
25%
Kazakhstan Aktobe
25%
Bosnia and Herzegovina Alfa Modriča
25%
France Angers
25%
Cyprus Apollon Limassol
25%
Albania Apolonia Fier
25%
Luxembourg Aris Bonnevoie
25%
Poland Arka Gdynia
25%
Slovakia Artmedia Petržalka
25%
Ireland Athlone Town
25%
Sweden Åtvidabergs
25%
Denmark B1903
25%
Portugal Beira-Mar
25%
Bulgaria Beroe Stara Zagora
25%
Bulgaria Botev Vratsa
25%
Sweden Brommapojkarna
25%
Norway Bryne
25%
Northern Ireland Cliftonville
25%
Northern Ireland Coleraine
25%
Wales Cwmbran Town
25%
Czechoslovakia | Slovakia DAC
25%
Latvia Daugava Daugavpils
25%
Belarus Dnepr Mogilev
25%
San Marino Domagnano
25%
Hungary Dunaújváros
25%
Cyprus Enosis Neon Paralimni
25%
Cyprus EPA Larnaca
25%
Denmark Esbjerg
25%
Czechia Fastav Zlín
25%
Netherlands FC Amsterdam
25%
Georgia FC Tbilisi
25%
Moldova FC Tiraspol
25%
Northern Ireland Glenavon
25%
Slovenia Gorica
25%
Luxembourg Grevenmacher
25%
Poland Gwardia Warszawa
25%
Denmark Herfølge
25%
Finland Ilves
25%
Israel Ironi Kiryat Shmona
25%
Lithuania Kareda Šiauliai
25%
Denmark KB
25%
Azerbaijan Khazar Lankaran
25%
Sweden Landskrona BoIS
25%
Latvia Liepājas Metalurgs
25%
Northern Ireland Lisburn Distillery
25%
Wales Llanelli
25%
East Germany Lokomotive Leipzig
25%
Norway Lyn Oslo
25%
North Macedonia Makedonija Gjorče Petrov
25%
Finland Mariehamn
25%
Malta Marsa
25%
Malta Marsaxlokk
25%
North Macedonia Metalurg Skopje
25%
England Millwall
25%
Moldova Milsami Orhei
25%
Serbia/Serbia and Montenegro Obilić
25%
Serbia/Serbia and Montenegro | Yugoslavia OFK Beograd
25%
Sweden Örgryte
25%
Lithuania Panevėžys
25%
Poland Piast Gliwice
25%
Poland Pogoń Szczecin
25%
Northern Ireland Portadown
25%
Armenia Pyunik
25%
Austria Rheindorf Altach
25%
East Germany Rot-Weiß Erfurt
25%
Azerbaijan Shamkir
25%
Ireland Shelbourne
25%
North Macedonia Shkëndija
25%
Czechia | Czechoslovakia Sigma Olomouc
25%
Belarus Slavia Mozyr
25%
Denmark SønderjyskE
25%
Norway Stabæk
25%
Iceland Stjarnan
25%
Norway Strømsgodset
25%
Poland Szombierki Bytom
25%
Kazakhstan Tobol
25%
Slovakia Trenčín
25%
France Troyes
25%
Luxembourg Union Luxembourg
25%
Denmark Viborg
25%
Romania Viitorul Constanța
25%
Belarus Vitebsk
25%
Poland Zaglębie Lubin
25%
Montenegro | Serbia/Serbia and Montenegro Zeta Golubovci
25%
Kazakhstan Zhenis
25%
Azerbaijan Zira
25%
Norway Aalesunds
21%
Türkiye Adanaspor
21%
North Macedonia Akademija Pandev
21%
Cyprus APOP Kinyras
21%
Northern Ireland Ards
21%
Faroe Islands B68 Toftir
21%
Armenia Banants
21%
Northern Ireland Bangor
21%
Wales Bangor City
21%
Switzerland Bellinzona
21%
Belarus Belshina Bobruisk
21%
Israel Bnei Yehuda
21%
Bosnia and Herzegovina Brotnjo
21%
Bulgaria Cherno More Varna
21%
Moldova Dacia Chişinău
21%
Latvia Daugava Rīga
21%
Ukraine Dnipro-1
21%
Türkiye Eskisehirspor
21%
Kosovo Feronikeli
21%
Iceland FH
21%
Norway Fredrikstad
21%
Denmark Frem
21%
Sweden GAIS
21%
Poland Górnik Zabrze
21%
Israel Hapoel Petah Tikva
21%
Israel Hapoel Ramat Gan
21%
Finland HIFK
21%
Denmark Horsens
21%
Denmark Hvidovre
21%
Estonia Infonet Tallinn
21%
Azerbaijan Inter Baku
21%
Slovenia Izola
21%
Austria Kärnten
21%
Russia Krylia Sovetov Samara
21%
Finland Lahti
21%
Estonia Lantana Tallinn
21%
France Laval
21%
Georgia Locomotive Tbilisi
21%
Andorra Lusitans
21%
Denmark Lyngby
21%
Montenegro Mogren
21%
Norway Moss
21%
Finland MyPa
21%
Denmark Næstved
21%
Czechoslovakia | Slovakia Nitra
21%
Ukraine Oleksandriya
21%
Belgium Oostende
21%
Austria Pasching
21%
Romania Petrolul Ploiești
21%
North Macedonia Pobeda
21%
Luxembourg Progrès Niederkorn
21%
Latvia RAF Jelgava
21%
Luxembourg Red Boys Differdange
21%
North Macedonia Renova
21%
Croatia RNK Split
21%
Montenegro Rudar Pljevlja
21%
Georgia Saburtalo Tbilisi
21%
Georgia Samtredia
21%
Slovakia Senica
21%
North Macedonia Sileks
21%
Bosnia and Herzegovina Široki Brijeg
21%
Finland SJK
21%
Norway Skeid
21%
Czechia Slovácko
21%
Norway Start
21%
Montenegro Sutjeska
21%
Czechoslovakia Tatran Prešov
21%
Czechia | Czechoslovakia Teplice
21%
Iceland Þór Akureyri
21%
Estonia TVMK
21%
Russia Ufa
21%
Armenia Ulisses
21%
Romania UTA Arad
21%
Hungary Vác
21%
Latvia Valmiera
21%
Faroe Islands Víkingur Gøta
21%
Austria VÖEST Linz
21%
East Germany Vorwärts Berlin
21%
Austria Wiener SC
21%
Poland Wisla Plock
21%
East Germany Wismut Karl-Marx-Stadt
21%
Poland Zaglębie Sosnowiec
21%
Poland Zaglębie Walbrzych
21%
Wales Aberystwyth Town
18%
Russia Akhmat Grozny
18%
Türkiye Alanyaspor
18%
Romania Argeș Pitești
18%
Ukraine Arsenal Kyiv
18%
Russia Arsenal Tula
18%
Faroe Islands B71 Sandur
18%
Serbia/Serbia and Montenegro Borac Čačak
18%
Iceland Breiðablik
18%
Portugal Chaves
18%
Moldova Constructorul Chişinău
18%
Serbia/Serbia and Montenegro Čukarički
18%
Belarus Dinamo-93 Minsk
18%
Belgium Eendracht Aalst
18%
Cyprus Ermis Aradippou
18%
Austria First Wien
18%
Malta Gżira United
18%
Serbia/Serbia and Montenegro Hajduk Kula
18%
Netherlands Heracles Almelo
18%
Scotland Inverness
18%
Finland Jazz
18%
Ukraine Kolos Kovalivka
18%
Finland Kuusysi
18%
Portugal Leixões
18%
France Nancy
18%
Estonia Narva Trans
18%
Faroe Islands NSÍ Runavik
18%
Montenegro OFK Titograd
18%
Sweden Örebro
18%
Belarus Partizan Minsk
18%
Hungary Pécsi MFC
18%
Slovenia Rudar Velenje
18%
Slovakia Ružomberok
18%
Belarus Shakhtyor Soligorsk
18%
Georgia Sioni Bolnisi
18%
Croatia Slaven Belupo
18%
North Macedonia Sloga Jugomagnat
18%
Gibraltar St Joseph's
18%
Romania Victoria București
18%
Czechia Viktoria Žižkov
18%
Czechoslovakia Vítkovice
18%
Ukraine Vorskla Poltava
18%
Germany/West Germany Wuppertal
18%
Israel Bnei Sakhnin
14%
Georgia Dila Gori
14%
Czechoslovakia | Slovakia Dukla Banská Bystrica
14%
Andorra Encamp
14%
Liechtenstein Eschen/Mauren
14%
Bulgaria Etar
14%
Scotland Falkirk
14%
Portugal Farense
14%
Poland GKS Katowice
14%
Austria Hartberg
14%
Faroe Islands ÍF
14%
Azerbaijan Keşla
14%
Ukraine Olimpik Donetsk
14%
Romania Politehnica Iasi
14%
Andorra Principat
14%
Lithuania ROMAR Mazeikiai
14%
Bosnia and Herzegovina | Yugoslavia Sloboda Tuzla
14%
Ukraine Tavriya Simferopol
14%
Romania Universitatea Cluj
14%
Romania Vaslui
14%
Belgium Westerlo
14%
Georgia Zestafoni
14%
Cyprus Ethnikos Achna
11%
Türkiye Gaziantepspor
11%
Türkiye Gençlerbirliği
11%
Norway Haugesund
11%
Kazakhstan Irtysh
11%
Türkiye İstanbulspor
11%
Finland KPV
11%
Russia Kuban Krasnodar
11%
Türkiye Osmanlispor
11%
Hungary Paks
11%
Romania Pandurii Târgu Jiu
11%
Scotland Partick Thistle
11%
Portugal Portimonense
11%
Czechia Příbram
11%
Romania Progresul București
11%
Croatia Šibenik
11%
Faroe Islands Skála
11%
Bulgaria Sliven
11%
Finland VPS
11%
Albania Bylis Ballsh
7%
Scotland Dunfermline
7%
San Marino Faetano
7%
Lithuania FC Šiauliai
7%
Armenia Gandzasar Kapan
7%
Wales Llandudno
7%
Kosovo Llapi
7%
Czechoslovakia Lokomotiva Košice
7%
Ukraine Mariupol
7%
Serbia/Serbia and Montenegro Mladost Lučani
7%
Montenegro OFK Petrovac
7%
Estonia Paide Linnameeskond
7%
Scotland Queen of the South
7%
Scotland Raith Rovers
7%
Russia Rotor Volgograd
7%
Portugal Salgueiros
7%
Azerbaijan Sumqayit
7%
Portugal União de Leiria
7%
Georgia WIT Georgia
7%
Wales Airbus UK Broughton
4%
Türkiye Akhisar Belediyespor
4%
Cyprus Alki Larnaca
4%
Kazakhstan Alma-Ata
4%
Kazakhstan Atyrau
4%
Northern Ireland Ballymena United
4%
Lithuania Banga Gargzdai
4%
Romania Botoșani
4%
Romania Brașov
4%
Montenegro Čelik Nikšić
4%
France Châteauroux
4%
San Marino Cosmos
4%
Latvia Dinaburg
4%
Andorra Engordany
4%
Luxembourg Etzella Ettelbruck
4%
Russia FK Moskva
4%
Kosovo Gjilani
4%
Netherlands Haarlem
4%
East Germany Hallescher
4%
Wales Haverfordwest County
4%
Denmark Holbæk B&I
4%
San Marino Juvenes/Dogana
4%
Hungary Kecskemét
4%
Ukraine Kryvbas
4%
San Marino Libertas
4%
Scotland Livingston
4%
Moldova Nistru Otaci
4%
San Marino Pennarossa
4%
Lithuania Riteriai
4%
Finland RoPS
4%
Belgium Royal Excel Mouscron
4%
Luxembourg Rumelange
4%
Norway Sarpsborg 08
4%
Serbia/Serbia and Montenegro Spartak Subotica
4%
East Germany Stahl Brandenburg
4%
Austria St. Polten
4%
Belarus Torpedo-BelAZ Zhodino
4%
Azerbaijan Turan
4%
Ireland UCD
4%
Belgium Winterslag
4%
Wales Afan Lido
0%
Bulgaria Akademik Sofia
0%
Finland Allianssi
0%
Georgia Ameri Tbilisi
0%
Poland Amica Wronki
0%
Russia Amkar Perm
0%
Romania ASA Târgu Mures
0%
Israel Ashdod
0%
Lithuania Atlantas Klaipeda
0%
Azerbaijan AZAL
0%
Wales Bala Town
0%
Malta Balzan
0%
North Macedonia Bashkimi
0%
Serbia/Serbia and Montenegro Bečej
0%
Hungary Békéscsaba Előre
0%
North Macedonia Belasica
0%
Serbia/Serbia and Montenegro Bezanija
0%
Montenegro Bokelj
0%
Türkiye Boluspor
0%
Sweden Brage
0%
Serbia/Serbia and Montenegro Budućnost Banatski Dvor
0%
Bosnia and Herzegovina Budućnost Banovići
0%
Hungary BVSC
0%
Wales Cardiff Metropolitan University
0%
Wales Carmarthen Town
0%
Wales Cefn Druids
0%
North Macedonia Cementarnica 55
0%
Russia Chernomorets Novorossiysk
0%
Georgia Chikhura Sachkhere
0%
Croatia Cibalia
0%
Andorra Constel·lació Esportiva
0%
Romania Corvinul Hunedoara
0%
Türkiye Denizlispor
0%
Ukraine Desna Chernihiv
0%
Cyprus Digenis Akritas Morphou
0%
Moldova Dinamo-Auto
0%
Hungary Diósgyöri VTK
0%
Czechia Drnovice
0%
Bulgaria Dunav Ruse
0%
Northern Ireland Dungannon Swifts
0%
Poland Dyskobolia Grodzisk Wielkopolski
0%
Romania Electroputere Craiova
0%
Portugal Fabril Barreiro
0%
Ireland Finn Harps
0%
Finland FinnPa
0%
Romania Flacara Moreni
0%
Iceland Fylkir
0%
Georgia Gagra
0%
Romania Gaz Metan Mediaș
0%
Sweden Gefle
0%
Belgium Germinal Ekeren
0%
Poland GKS Belchatów
0%
Poland GKS Tychy
0%
Romania Gloria Bistrița
0%
Scotland Gretna
0%
Iceland Grindavik
0%
Austria Grödig
0%
France Gueugnon
0%
Norway Hødd
0%
Finland Honka
0%
North Macedonia Horizont Turnovo
0%
Poland Hutnik Kraków
0%
Denmark Ikast
0%
Ukraine Illichivets Mariupol
0%
Lithuania Inkaras Kaunas
0%
Slovenia Interblock Ljubljana
0%
Croatia Inter Zaprešić
0%
Montenegro Iskra Danilovgrad
0%
Moldova Iskra-Stal
0%
Serbia/Serbia and Montenegro Jagodina
0%
Finland JJK
0%
Finland Jokerit
0%
Luxembourg Käerjéng 97
0%
Kazakhstan Kaisar
0%
Croatia Kamen Ingrad
0%
Türkiye Kardemir Karabükspor
0%
Azerbaijan Karvan
0%
Türkiye Kayseri Erciyesspor
0%
Azerbaijan Khazri Buzovna
0%
Slovakia Koba Senec
0%
Türkiye Kocaelispor
0%
Georgia Kolkheti Poti
0%
Norway Kongsvinger
0%
Finland KPT
0%
Lithuania Kruoja Pakruojis
0%
Iceland Leiftur
0%
Ireland Longford Town
0%
Montenegro Lovćen
0%
Albania Luftëtari
0%
Türkiye Malatyaspor
0%
Bulgaria Marek Dupnitsa
0%
Georgia Margveti Zestafoni
0%
Austria Mattersburg
0%
Ukraine Metalurh Donetsk
0%
Ukraine Metalurh Zaporizhia
0%
Armenia Mika
0%
North Macedonia Milano Kumanovo
0%
Norway Mjøndalen
0%
Azerbaijan MKT Araz
0%
Luxembourg Mondercange
0%
Finland MP
0%
Slovakia MŠK Púchov
0%
Belarus Naftan Novopolotsk
0%
Serbia/Serbia and Montenegro | Yugoslavia Napredak Kruševac
0%
Wales Neath
0%
Bulgaria Neftochimic Burgas
0%
Wales Newtown
0%
Poland Odra Opole
0%
Poland Odra Wodzisław Śląski
0%
Kazakhstan Okzhetpes
0%
Bosnia and Herzegovina Olimpik Sarajevo
0%
Latvia Olimps Rīga
0%
Bosnia and Herzegovina Orašje
0%
Türkiye Orduspor
0%
North Macedonia Pelister
0%
Luxembourg Pétange
0%
Bulgaria Pirin Blagoevgrad
0%
Wales Port Talbot Town
0%
Wales Prestatyn Town
0%
Slovenia Primorje
0%
Belgium RAA Louviéroise
0%
Luxembourg Racing FC Union Luxembourg
0%
Bosnia and Herzegovina Radnik Bijeljina
0%
Belgium Roeselare
0%
Azerbaijan Sabail
0%
Estonia Sadam Tallinn
0%
Hungary Salgótarján
0%
Moldova Saxan Gagauz Yeri
0%
Belgium Seraing
0%
Serbia/Serbia and Montenegro Sevojno
0%
Moldova Sfîntul Gheorghe
0%
Azerbaijan Shafa Baku
0%
Russia Sibir Novosibirsk
0%
Estonia Sillamae Kalev
0%
Azerbaijan Simurq
0%
Malta Sirens
0%
Bosnia and Herzegovina Slavija Sarajevo
0%
Serbia/Serbia and Montenegro Smederevo
0%
Hungary Sopron
0%
Slovakia Spartak Myjava
0%
Armenia Spartak Yerevan
0%
Moldova Speranța Nisporeni
0%
Ireland Sporting Fingal
0%
Romania Sportul Studențesc
0%
Lithuania Stumbras Kaunas
0%
Hungary Szombathelyi Haladás
0%
Estonia Tartu Santos
0%
Hungary Tatabánya
0%
Lithuania Tauras
0%
Russia Tekstilshchik Kamyshin
0%
North Macedonia Teteks
0%
Moldova Tiligul-Tiras Tiraspol
0%
Albania Tomori Berat
0%
Finland TPV
0%
Lithuania Trakai
0%
Sweden Trelleborgs
0%
Georgia Tskhinvali
0%
Luxembourg Union Titus Pétange
0%
Moldova Veris Chişinău
0%
Lithuania Vėtra
0%
Estonia Viljandi Tulevik
0%
Slovakia ViOn Zlaté Moravce
0%
Bulgaria Volov Shumen
0%
Switzerland Wettingen
0%
Türkiye Yeni Malatyaspor
0%
Moldova Zaria Balti
0%
Poland Zawisza Bydgoszcz
0%
Serbia/Serbia and Montenegro Zeleznik
0%
Bosnia and Herzegovina Zepče
0%
Kazakhstan Zhetysu
0%
Malta Żurrieq
0%
Armenia Zvartnots-AAL
0%
No matching quizzes found
Score Distribution
Percent of People with Each Score
Percentile by Number Answered
Your Score History
You have not taken this quiz since the last reset